LDR 00933nam a2200205 i 4500 001 000000366893 003 CaOOAMICUS 005 20260317163231.0 008 260317s1911 it a u000 u ita u 040 $aSeMil$bita 100 1 $aStievano, Innocenzo.$0(OLS)http://semarc/name/67628 245 12$aL'istruzione catechistica e il B. Gregorio Barbarigo :$bstudio /$csac. Innocenzo Stievano. 260 $aPadova :$bTipografia del Seminario,$c1911. 300 $a65 p., [1] p. di ritratto ;$c23 cm. 600 14$aBarbarigo, Gregorio
.$0(OLS)http://semarc/subject/10250 850 $aSeMil 852 $aSeMil$W1$xVenegono$y1$m5C IX 1/23$j268615$B257648$CSeMilBibl$Z2$F257648 $8M 996 $6245$aL'istruzione catechistica e il B. Gregorio Barbarigo :$bstudio$9(OLS)http://semarc/title/458691 996 $6260$aPadova :$bTipografia del Seminario$9(OLS)http://semarc/publisher/33223